| 000 | 00425pab a2200181 454500 | ||
|---|---|---|---|
| 008 | 180718b2013 xxu||||| |||| 00| 0 eng d | ||
| 100 | _aJha, Shefali | ||
| 245 | _aDemocratic constitutionalism in India | ||
| 260 | _c2013 | ||
| 300 | _ap.73-78. | ||
| 362 | _aFeb | ||
| 650 | _aDemocracy - India | ||
| 650 | _aIndia - Constitutions | ||
| 650 | _aConstitutions | ||
| 773 | _aSeminar | ||
| 908 | _aN | ||
| 909 | _a102269 | ||
| 999 |
_c102267 _d102267 |
||